|
|
|
|
| LEADER |
00000cam a2200000 4500 |
| 001 |
vtls012279498 |
| 003 |
SK-MaSNL |
| 005 |
20260301232232.0 |
| 008 |
250714s2025 xo hoabg n 010 0 slo |
| 015 |
|
|
|a SNBA2025/08
|
| 020 |
|
|
|a 9788081980787
|q (viazané)
|
| 040 |
|
|
|a SNK
|b slo
|c SNK
|e rda
|
| 041 |
0 |
|
|a slo
|
| 043 |
|
|
|a e-xo---
|
| 044 |
|
|
|a xo
|c SK
|
| 072 |
|
7 |
|a 63
|x Poľnohospodárstvo a príbuzné oblasti vedy a techniky
|2 konspekt
|
| 080 |
|
|
|a 63(091)
|2 2011
|
| 080 |
|
|
|a (437.6)
|2 2011
|
| 080 |
|
|
|a (437.671)
|2 2011
|
| 080 |
|
|
|a (048.8)
|2 2011
|
| 080 |
|
|
|a 631
|2 2011
|
| 080 |
|
|
|a 63-051
|2 2011
|
| 100 |
1 |
|
|a Klempay, Martin,
|d 1973-
|4 aut
|9 151617
|
| 245 |
1 |
0 |
|a Dejiny poľnohospodárstva v Tulčíku, Demjate a Záhradnom
|c Martin Klempay
|
| 264 |
|
1 |
|a Prešov
|b Michal Vaško - Vydavateľstvo
|c [2025]
|
| 264 |
|
4 |
|a ©2025
|
| 300 |
|
|
|a 368 strán
|b faksimile, fotografie, mapy, tabuľky
|c 28 cm
|
| 336 |
|
|
|a text
|b txt
|2 rdacontent
|
| 337 |
|
|
|a bez média
|b n
|2 rdamedia
|
| 338 |
|
|
|a zväzok
|b nc
|2 rdacarrier
|
| 500 |
|
|
|a Obsahuje stručné biografické údaje o autorovi na zadnej strane obálky publikácie
|
| 500 |
|
|
|a Obsahuje zoznam tabuliek a skratiek
|
| 504 |
|
|
|a Obsahuje bibliografiu, bibliografické odkazy
|
| 650 |
0 |
7 |
|a dejiny poľnohospodárstva
|2 SNKPH
|9 60041
|
| 650 |
0 |
7 |
|a poľnohospodárstvo
|2 SNKPH
|9 679
|
| 650 |
0 |
7 |
|a History of agriculture
|2 SNKPHeng
|9 360848
|
| 650 |
0 |
7 |
|a Agriculture
|2 SNKPHeng
|9 265172
|
| 650 |
0 |
7 |
|a poľnohospodári
|2 SNKPH
|9 17080
|
| 650 |
0 |
7 |
|a Agriculturists
|2 SNKPHeng
|9 183483
|
| 651 |
|
7 |
|a Tulčík (Slovensko)
|2 SNKPHgeo
|9 57186
|
| 651 |
|
7 |
|a Demjata (Slovensko)
|2 SNKPHgeo
|9 51775
|
| 651 |
|
7 |
|a Záhradné (Slovensko)
|2 SNKPHgeo
|9 31736
|
| 651 |
|
7 |
|a Tulčík (Slovakia)
|2 SNKPHeng
|9 625558
|
| 651 |
|
7 |
|a Demjata (Slovakia)
|2 SNKPHeng
|9 596015
|
| 651 |
|
7 |
|a Záhradné (Slovakia)
|2 SNKPHeng
|9 488890
|
| 655 |
|
7 |
|a monografie
|2 SNKPH
|9 70139
|
| 655 |
|
7 |
|a Monographs
|2 SNKPHeng
|9 120675
|
| 700 |
1 |
|
|a Ďuraš, Andrej
|4 aui
|9 262468
|
| 852 |
|
|
|a Slovenská národná knižnica
|
| 919 |
|
|
|a 978-80-8198-078-7
|
| 954 |
|
|
|a odborná, vedecká literatúra pôvodná (slovenská)
|2 lita
|
| 958 |
|
|
|a NB
|
| 999 |
|
|
|c 960841
|d 962771
|
| 952 |
|
|
|a SNK
|b SNK
|y PREZ
|7 0
|p 17A1575776
|o snkSB 101818
|i snk2025/11248
|8 0
|0 0
|1 0
|4 0
|d 2025-07-14
|f 1
|l 0
|r 2026-02-24 10:18:10
|w 2026-02-24
|
| 952 |
|
|
|a SNK
|b SNK
|y VYP
|7 0
|p 17A1575777
|o snkSB 101818 D1
|i snk2025/11249
|8 0
|0 0
|1 0
|4 0
|d 2025-07-14
|l 0
|r 2026-02-24 10:18:10
|w 2026-02-24
|